|
|
|
|
| LEADER |
00856cam a2200205 7i4500 |
| 001 |
0000030530 |
| 005 |
20191129090000.0 |
| 020 |
# |
# |
|a 9789678921145
|
| 090 |
0 |
0 |
|a M 342
|b PER
|
| 245 |
0 |
0 |
|a Perlembangaan dan undang-undang Am [Panduan kepada calon-calon peperiksaan undang-undang kerajaan] :
|b (Hingga 5hb Januari 2013).
|
| 260 |
0 |
0 |
|a Petaling Jaya:
|b International Law Book Service,
|c 2013.
|
| 300 |
# |
# |
|a 756 p.
|
| 440 |
0 |
0 |
|a Undang - undang Malaysia
|
| 650 |
0 |
0 |
|a Constitutional law --
|z Malaysia
|
| 651 |
0 |
0 |
|a Malaysia
|
| 999 |
|
|
|a B000033766
|b Book
|c Malaysia
|e Business Information Centre
|
| 999 |
|
|
|a B000033767
|b Book
|c Malaysia
|e Business Information Centre
|
| 999 |
|
|
|a B000033768
|b Book
|c Malaysia
|e Business Information Centre
|
| 999 |
|
|
|a B000033769
|b Book
|c Malaysia
|e Business Information Centre
|
| 999 |
|
|
|a B000033770
|b Book
|c Malaysia
|e Business Information Centre
|